Subvariedades de MV-álgebras monádicas y de sus subreductos implicativos monádicos /

Guardado en:
Otros Autores: Cimadamore, Cecilia. (Disertante), Abad, Manuel. (Orientador), Díaz Varela, José Patricio. (Orientador)
Formato: Manuscrito
Idioma:Spanish
Publicado: 2011.
Materias:
Acceso en línea:Texto completo
Etiquetas: Agregar Etiqueta
Sin Etiquetas, Sea el primero en etiquetar este registro!
LEADER 01276ntm a22003015a 4500
001 MAT.inmabb007033
008 111219s2011####ag#######bm###000#0#spa#d
005 20180215115831.0
245 1 0 |a Subvariedades de MV-álgebras monádicas y de sus subreductos implicativos monádicos /  |c Cecilia Rossana Cimadamore. 
260 |c 2011. 
300 |a 193 p. ;  |c 30 cm. 
500 |a Directores de tesis: Manuel Abad y José Patricio Díaz Varela. 
500 |a "Tesis de Doctora en Matemática". 
502 |a Tesis (doctoral)--Universidad Nacional del Sur. Departamento de Matemática, 2011. 
530 |a Disponible también en formato digital. 
504 |a Incluye referencias bibliográficas. 
100 1 |a Cimadamore, Cecilia.  |4 dis 
700 1 |a Abad, Manuel.  |4 ths 
700 1 |a Díaz Varela, José Patricio.  |4 ths 
710 2 |a Universidad Nacional del Sur.  |b Departamento de Matemática  |4 dgg. 
082 0 4 |a 040  |2 15 
082 0 4 |a 512.8  |2 15 
650 7 |a Matemáticas.  |2 unbist 
650 7 |a Álgebra.  |2 unbist 
653 |a Álgebras monádicas 
856 4 1 |3 Texto completo  |u http://repositoriodigital.uns.edu.ar/handle/123456789/2216 
859 |a AR-BaUNS  |b BIB. MATEMATICA  |h 040  |i B148 2011-1118  |k R  |p 122649/011 
859 |a AR-BaUNS  |b BIB. MATEMATICA  |h 040  |i B148 2011-1118  |p 122650/011